000 00817nam a2200205 a 4500
001 BRCA_8991
005 20190320210502.0
008 130717s1791----sp-#######---#000-0#spa-#
041 _aspa
044 _asp
084 _aLM6
_b.F47 1791
100 1 _aFerreras, Juan de
_922312
245 1 0 _aIndice general de la synopsis histórica de España
_ccompuesta por Don Juan de Ferreras, Cura que fue de las Parroquias de San Pedro, y San Andrés de esta Corte, y Bibliotecario mayor del Rey nuestro Señor.
260 _aMadrid
_bEn la Imprenta de la Viuda de don Joachin Ibarra
_c1791
300 _a716 p.
_c21.5 x 16 cm
500 _aEstado físico: presenta encuadernación en pergamino y presencia del pez de plata
650 1 4 _aHistoria
_yObras anteriores a 1800
_zEspaña
_922313
902 _aCFM
942 _2lcc
_cB
999 _c8642
_d8642